000 00592nam a2200181Ia 4500
008 100920s9999 xx 000 0 und d
082 _b86935
_a24 न 02
100 _aखट्टर प्रभुदयाल.
245 _aचौहद घंटे.
260 _bसूचना और प्रसारण मन्त्रालय, भारत सरकार.
_c2002
300 _a34
_bसाधी
365 _b32
520 _aसायो.
630 _aचौहद घंटे.
650 _aसायो.
730 _aचौहद घंटे.
942 _cBOOK
999 _c727445
_d727442